000 00530nam a2200217Ia 4500
003 OSt
005 20220928135649.0
006 a|||||r|||| 00| 0
007 ta
008 220927b |||||||| |||| 00| 0 eng d
024 _a4428
037 _cTextual
040 _aSDCL
_cSDCL
_beng
041 _2eng
_aeng
082 _aO-,1N3x, K7
100 _aRodway Allan Ed.
_9492521
245 0 _aPoetry of the 1930s
260 _c1967
942 _hO-,1N3x, K7
_cTEXL
_2CC
999 _c808125
_d808125